Kommentar zur logienquelle

שמור ב:
מידע ביבליוגרפי
מחבר ראשי: Zeller, Dieter (Author)
פורמט: ספר
שפה:גרמנית
יצא לאור: Stuttgart Verlag Katholisches Bibelwerk 1993
מהדורה:1a. ed
סדרה:Stuttgarter kleiner Kommentar. Neues Testament, 21
נושאים:
תגים: הוספת תג
אין תגיות, היה/י הראשונ/ה לתייג את הרשומה!

MARC

LEADER 00000cam a2200000 a 4500
001 UCE6934
003 CL-VaPUC
008 150514e19930000gw |||||||||||||||||ger|d
020 |a 3460155116 
082 0 4 |a 226  |b ZEL  |2 21 
100 0 |a Zeller, Dieter  |e author  |9 579647 
245 1 0 |a Kommentar zur logienquelle 
250 |a 1a. ed 
300 |a 109 p 
942 |c BK 
945 |d 20150514 13:01:00  |a arojas 
260 |a Stuttgart  |b Verlag Katholisches Bibelwerk  |c 1993 
650 0 |a Biblia  |9 257603 
650 0 |a Evangelios  |9 314864 
650 0 |a Jesucristo  |9 503749 
583 |a last modification  |c 20150514 13:01:00  |k Rodrigo Vera 
490 0 |a Stuttgarter kleiner Kommentar. Neues Testament, 21 
999 |c 359105  |d 359103 
952 |0 0  |1 0  |3 erb  |4 0  |6 226_000000000000000_ZEL_1993  |7 0  |8 A  |9 468135  |a BIBTEO  |b BIBTEO  |e Casale Rolle, Carlos Ignacio, -2014  |i 5173213  |o 226 ZEL 1993  |p 5173213  |r 2025-01-17  |w 2019-11-23  |y BK  |z Catalogado en:20150514  |k ICR